Betty & Veronica Friends Comics Digest #239 /

Girl's best friend (when it isn't another girl) is her pet, of course! But what kind of fun can be had when you can't even bring your best friend to the beach? Betty and Veronica have a big job ahead of them: find out how they can get their pets onto the beach without breaking any rul...

Full description

Bibliographic Details
Corporate Author: Library Pass, LLC
Other Authors: Superstars, Archie (writer.)
Format: eBook
Language:English
Published: [United States] : Archie Comics, 2014.
Subjects:
Online Access:Connect to this electronic book (First time users create your free account)

MARC

Tag First Indicator Second Indicator Subfields
LEADER 00000nmm a22000001a 4500
001 in00004628613
006 m|||||o||m||||||||
007 cr|cn |||uuuuu
008 221118s2014 xxu||||do|||| ||||||eng d
005 20221207222005.1
035 |a (TxWaIVM)IV47003ArBe 
040 |a TxWaIVM  |c TxWaIVM 
245 0 0 |a Betty & Veronica Friends Comics Digest #239 /  |c powered by Library Pass. 
260 3 |a [United States] :  |b Archie Comics,  |c 2014. 
300 |a 1 online resource. 
336 |a text  |b txt  |2 rdacontent 
337 |a computer  |b c  |2 rdamedia 
338 |a online resource  |b cr  |2 rdacarrier 
520 |a Girl's best friend (when it isn't another girl) is her pet, of course! But what kind of fun can be had when you can't even bring your best friend to the beach? Betty and Veronica have a big job ahead of them: find out how they can get their pets onto the beach without breaking any rules! Find out if they can pull it off in "Pet's Rule," the awesome lead story to this fun-filled comics digest! 
521 |a 2 
538 |a Requires a valid library card and registration for new users. 
538 |a Mode of access: World Wide Web. 
538 |a System requirements: Flash 10.1 or higher, Windows XP and higher, Internet Explorer 7 and higher, Firefox 3.6 and higher, Google Chrome; Max OS 10.5 and higher, Safari 4 and higher. 
650 0 |a Humor 
655 7 |a Electronic books.  |2 local 
655 7 |a Humor  |2 gsafd 
650 0 |a Romance comic books, strips, etc. 
655 7 |a Romance comic books, strips, etc.  |2 gsafd 
700 1 |a Superstars, Archie.  |e writer. 
700 1 |a Superstars, Archie.  |e artist. 
710 2 |a Library Pass, LLC. 
856 4 0 |u http://proxy.library.tamu.edu/login?url=https://tamu.librarypass.com/product/com.iversecomics.archie.comics.betty.veronica.friends.comics.digest.two.hundred.thirty.nine.english.06052014  |z Connect to this electronic book (First time users create your free account)  |t 0 
955 |a Comics Plus. 
999 f f |s 78a0ba9b-11e1-45dc-befd-631198df3adf  |i 2042b53a-f654-4acf-8fdd-3d7f5b93fd28  |t 0 
952 f f |a Texas A&M University  |b College Station  |c Electronic Resources  |d Available Online  |t 0  |h Library of Congress classification 
998 f f |t 0  |l Available Online